书目信息 |
| 题名: |
柏拉图
|
|
| 作者: | 泰勒 著 ;谢随知 , 苗力田 , 徐鹏 译 | |
| 分册: | ||
| 出版信息: | 济南 山东人民出版社 2008.06 |
|
| 页数: | 776页 | |
| 开本: | 21cm | |
| 丛书名: | 西方哲学研究翻译丛书 | |
| 单 册: | ||
| 中图分类: | B502.232 | |
| 科图分类: | ||
| 主题词: | ||
| 电子资源: | ||
| ISBN: | 978-7-209-00920-1 | |
| 000 | 01234nam 2200337 450 | |
| 001 | 012009348040 | |
| 005 | 20090623141651.46 | |
| 010 | @a978-7-209-00920-1@dCNY49.00 | |
| 100 | @a20090623d2008 em y0chi0120 ea | |
| 101 | 1 | @achi@ceng |
| 102 | @aCN@b370000 | |
| 105 | @ay a 001yy | |
| 106 | @ar | |
| 200 | 1 | @a柏拉图@Abai la tu@e生平及其著作@f(英) A.E.泰勒著@F(ying)A.E.tai le zhu@g谢随知, 苗力田, 徐鹏译@Gxie sui zhi,miao li tian,xu peng yi |
| 205 | @a第2版 | |
| 210 | @a济南@c山东人民出版社@d2008.06 | |
| 215 | @a776页@d21cm | |
| 225 | 2 | @a西方哲学研究翻译丛书@Axi fang zhe xue yan jiu fan yi cong shu |
| 320 | @a有书目和索引 | |
| 330 | @a本书主要内容讲述了:本书除开首简略叙述柏拉图的生平事迹外,全部介绍柏拉图著作中的思想。 | |
| 410 | 0 | @12001 @a西方哲学研究翻译丛书 |
| 517 | 1 | @a生平及其著作@Asheng ping ji qi zhu zuo |
| 600 | 1 | @a柏拉图,@Abai la tu@f前427-前347@x生平事迹 |
| 600 | 1 | @a柏拉图,@Abai la tu@f前427-前347@x哲学思想@x研究 |
| 690 | @aB502.232@v4 | |
| 701 | 1 | @a泰勒@Atai le@g(Taylor, Alfred Edward)@4著 |
| 702 | 0 | @a谢随知@Axie sui zhi@4译 |
| 702 | 0 | @a苗力田@Amiao li tian@4译 |
| 702 | 0 | @a徐鹏@Axu peng@4译 |
| 801 | 0 | @aCN@bQSSK@c20090623 |
| 905 | @b747607-09@dB502.232@eT082@f3 | |
| 柏拉图:生平及其著作/(英) A.E.泰勒著/谢随知, 苗力田, 徐鹏译.-第2版.-济南:山东人民出版社,2008.06 |
| 776页;21cm.-(西方哲学研究翻译丛书) |
| ISBN 978-7-209-00920-1:CNY49.00 |
| 本书主要内容讲述了:本书除开首简略叙述柏拉图的生平事迹外,全部介绍柏拉图著作中的思想。 |
| ● |
| 相关链接 |
|
|
|
正题名:柏拉图
索取号:B502.232/T082
 
预约/预借
| 序号 | 登录号 | 条形码 | 馆藏地/架位号 | 状态 | 备注 |
| 1 | 747607 | 207476079 | 社科库509/509社科库 16排4列4层/ [索取号:B502.232/T082] | 在馆 | |
| 2 | 747608 | 207476088 | 社科库509/509社科库 16排4列4层/ [索取号:B502.232/T082] | 在馆 | |
| 3 | 747609 | 207476097 | 社科库509/509社科库 16排4列4层/ [索取号:B502.232/T082] | 在馆 |